ဗုဒ္ဓါနုဿတိကြီးကိုးကြီးအဓိဋ္ဌာန်ကျင့်စဉ်နှင့်ကိုယ်တွေ့ဖြစ်ရပ်များ / (Record no. 16782)

000 -LEADER
fixed length control field 01084nam a2200229Ia 4500
003 - CONTROL NUMBER IDENTIFIER
control field OSt
005 - DATE AND TIME OF LATEST TRANSACTION
control field 20241104140449.0
007 - PHYSICAL DESCRIPTION FIXED FIELD--GENERAL INFORMATION
fixed length control field ca aa aaaaa
008 - FIXED-LENGTH DATA ELEMENTS--GENERAL INFORMATION
fixed length control field 201103s9999 xx 000 0 und d
040 ## - CATALOGING SOURCE
Transcribing agency SSBUL
041 ## - LANGUAGE CODE
Language code of text/sound track or separate title bur
082 ## - DEWEY DECIMAL CLASSIFICATION NUMBER
Edition number 23
Classification number ၂၉၄.၃၄၄၃၅ တင်
Item number ၉၂၉၂ S-SAT
100 0# - MAIN ENTRY--PERSONAL NAME
Personal name တင်ဟန်ကျော်၊ တက္ကသိုလ်-
9 (RLIN) 17379
245 10 - TITLE STATEMENT
Title ဗုဒ္ဓါနုဿတိကြီးကိုးကြီးအဓိဋ္ဌာန်ကျင့်စဉ်နှင့်ကိုယ်တွေ့ဖြစ်ရပ်များ /
Statement of responsibility, etc. တက္ကသိုလ်တင်ဟန်ကျော်
250 ## - EDITION STATEMENT
Edition statement စတုတ္ထအကြိမ်။
260 ## - PUBLICATION, DISTRIBUTION, ETC.
Place of publication, distribution, etc. ရန်ကုန် ၊
Name of publisher, distributor, etc. အသိုင်းအဝိုင်းစာပေ၊
Date of publication, distribution, etc. ၁၉၉၈။
300 ## - PHYSICAL DESCRIPTION
Extent ဆ၊ ၁၀၇ စာမျက်နှာ ၊
Dimensions ၁၈ စင်တီ။
500 ## - GENERAL NOTE
General note S-SAT: Dr. Sai Aung Tun
650 ## - SUBJECT ADDED ENTRY--TOPICAL TERM
Topical term or geographic name entry element ဗုဒ္ဓါနုဿတိ
9 (RLIN) 55141
Topical term or geographic name entry element ဝိပဿနာ
942 ## - ADDED ENTRY ELEMENTS (KOHA)
Source of classification or shelving scheme
Koha item type Book (Short term)
Holdings
Withdrawn status Lost status Source of classification or shelving scheme Damaged status Not for loan Collection code Permanent Location Current Location Shelving location Date acquired Total Checkouts Full call number Barcode Date last seen Date last checked out Price effective from Koha item type Accession
          Special Collections Shan State Buddhist University Library Shan State Buddhist University Library Special Collection Shelves 15/02/2023 1 ၂၉၄.၃၄၄၃၅ တင် ၉၂၉၂ S-SAT MB00009292 06/02/2025 04/02/2025 15/02/2023 Book (Short term) ၉၂၉၂ S-SAT

Library - 09407999929
Admin Office - 09407999979
Dean Office - 09250910768
Registrar Office - 09892297154
Email - [email protected]
Shan State Buddhist University, Phaya Phyu Taunggyi, Shan State, Myanmar.